| 000 | 00544nam a2200169 a 4500 | ||
|---|---|---|---|
| 001 | 000044647 | ||
| 005 | 20201002045526.0 | ||
| 008 | 141211s2014 dr a 000 0 spa d | ||
| 020 | _a9789945878844 | ||
| 040 |
_aDO-SdBNP _bspa _cBNPHU |
||
| 082 |
_axxxxxx _bxxxxxx |
||
| 100 | 1 |
_aClaudio Medina Altagracia, _d1953- _972663 |
|
| 245 | 1 | 0 |
_aEspinelas Benditas a los Inmaculados de la Nacionalidad / _cClaudio Medina Altagracia. |
| 260 |
_aSanto Domingo : _bDe revistas, _c2014. |
||
| 300 |
_a93 p. : _bil. ; _c22 cm. |
||
| 504 | _aBibliografías : 89 | ||
| 999 |
_c44136 _d44136 |
||